000 00712nam a22001577a 4500
005 20120207150758.0
020 _a9788126704576
_c150.00
100 _aमुऴे, गुणाकर
_941093
245 _aसूर्य /
_cगुणाकर मुऴे
260 _aनई दिल्ली
_bराजकमल प्रकाशन
_c2010
270 _a1-बी, नेताजी सुभाष मार्ग
_bनई दिल्ली
_e110002
300 _a81पृ.
_c22सेमी (सजिल्द)
_bसचित्र
700 _941026
942 _2ddc
_cHN
_mमुऴेगु
999 _c62187
_d62187